[Event "Hastings Weekend op"]
[Site "Hastings"]
[Date "2023.01.07"]
[Round "3"]
[White "Rushbrooke, Tibo"]
[Black "Dunne, Thomas Jr"]
[Result "1-0"]
[WhiteElo "1747"]
[BlackElo "1918"]
[PlyCount "135"]
[EventDate "2023.01.07"]
[EventType "swiss"]
[EventRounds "5"]
[EventCountry "ENG"]
[SourceTitle "CBM 212 Extra"]
[Source "ChessBase"]
[SourceDate "2023.03.31"]
[SourceVersion "1"]
[SourceVersionDate "2023.03.31"]
[SourceQuality "1"]

1. Nf3 g6 2. e4 Bg7 3. d4 c5 4. c3 cxd4 5. cxd4 Nc6 6. Nc3 d6 7. Bc4 e6 8. Be3 Nge7 9. 0-0 d5 10. exd5 exd5 11. Bb3 0-0 12. Bg5 h6 13. Bf4 Bg4 14. Be3 Na5 15. h3 Nxb3 16. axb3 Be6 17. Qd2 Kh7 18. Rfe1 Qb6 19. Na4 Qb5 20. b4 Qxb4 21. Ra2 Qb3 22. Ra3 Qb5 23. Nc5 b6 24. Nxe6 fxe6 25. Bf4 Qd7 26. Be5 Nc6 27. Bxg7 Kxg7 28. Rae3 Rf6 29. Ne5 Nxe5 30. Rxe5 Re8 31. Qe2 b5 32. b4 Qd6 33. Qd2 Rc8 34. Ra1 a6 35. Re3 Rc4 36. Rea3 Qxb4 37. Qe3 Rc7 38. Rxa6 Qe7 39. Qe5 Kf7 40. Ra8 Kg7 41. Rb8 Rb7 42. Rxb7 Qxb7 43. Rc1 Qb6 44. Rc7+ Kg8 45. Qxf6 Qxc7 46. Qxg6+ Qg7 47. Qxe6+ Kh8 48. Qe8+ Kh7 49. Qxb5 Qxd4 50. Qd7+ Kg6 51. Qe8+ Kh7 52. Qf7+ Kh8 53. g3 Qe4 54. Qf4 Qe6 55. Qd4+ Kh7 56. Kg2 Kg8 57. Qg4+ Kf7 58. Qxe6+ Kxe6 59. Kf3 Ke5 60. Ke3 h5 61. f4+ Kf5 62. Kf3 Ke6 63. g4 h4 64. Ke3 Kd6 65. Kd4 Ke6 66. f5+ Kf6 67. Kxd5 Kg5 68. Ke5 1-0

[Event "IRL-chT"]
[Site "Dublin"]
[Date "2019.04.07"]
[Round "5.3"]
[White "Melaugh, Shanemelaugh"]
[Black "Dunne, Thomas Jr"]
[Result "1/2-1/2"]
[WhiteElo "2105"]
[BlackElo "1904"]
[PlyCount "64"]
[EventDate "2019.04.05"]
[EventType "team-swiss"]
[EventRounds "5"]
[EventCountry "IRL"]
[SourceTitle "CBM 189 Extra"]
[Source "ChessBase"]
[SourceDate "2019.06.03"]
[SourceVersion "1"]
[SourceVersionDate "2019.06.03"]
[SourceQuality "1"]
[WhiteTeam "Elm Mount"]
[BlackTeam "Ballinasloe"]
[WhiteTeamCountry "IRL"]
[BlackTeamCountry "IRL"]

1. c4 e5 2. Nc3 Nc6 3. Nf3 f5 4. d4 e4 5. Ng1 Nf6 6. g3 g6 7. Bg2 Bg7 8. f3 exf3 9. Nxf3 0-0 10. 0-0 Re8 11. Bf4 d6 12. Ng5 h6 13. Nh3 Ng4 14. d5 Nce5 15. Qb3 Nd7 16. Qc2 Nde5 17. Nd1 c6 18. Nhf2 Qb6 19. h3 Nxf2 20. Nxf2 cxd5 21. cxd5 Bd7 22. Rac1 Rac8 23. Qb3 Qxb3 24. axb3 Bb5 25. Rfe1 g5 26. Bd2 Rxc1 27. Bxc1 Nd3 28. Nxd3 Bxd3 29. Kf2 Bc2 30. b4 Be4 31. Bf3 Bd4+ 32. e3 Bg7 1/2-1/2

[Event "IRL-chT"]
[Site "Dublin"]
[Date "2019.04.06"]
[Round "3.3"]
[White "Dunne, Thomas Jr"]
[Black "Daly, Colm"]
[Result "0-1"]
[WhiteElo "1904"]
[BlackElo "2278"]
[PlyCount "53"]
[EventDate "2019.04.05"]
[EventType "team-swiss"]
[EventRounds "5"]
[EventCountry "IRL"]
[SourceTitle "CBM 189 Extra"]
[Source "ChessBase"]
[SourceDate "2019.06.03"]
[SourceVersion "1"]
[SourceVersionDate "2019.06.03"]
[SourceQuality "1"]
[WhiteTeam "Ballinasloe"]
[BlackTeam "Bray"]
[WhiteTeamCountry "IRL"]
[BlackTeamCountry "IRL"]

1. e4 c5 2. Nc3 d6 3. f4 Nc6 4. Nf3 Bg4 5. Bc4 e6 6. 0-0 g6 7. h3 Bxf3 8. Qxf3 Bg7 9. Ne2 Nge7 10. c3 d5 11. exd5 exd5 12. Bd3 f5 13. b3 Qd7 14. Ba3 b6 15. Rad1 a6 16. Bc2 Rc8 17. Bb1 d4 18. cxd4 Nxd4 19. Nxd4 Bxd4+ 20. Kh1 a5 21. Rfe1 0-0 22. Bd3 Kg7 23. Bc4 Rf6 24. Re2 Rcf8 25. Rde1 Ng8 26. Bc1 Rd6 27. d3 0-1

[Event "EU-Cup 34th"]
[Site "Porto Carras"]
[Date "2018.10.13"]
[Round "2.2"]
[White "Dunne, Thomas Jr"]
[Black "Boidman, Yuri"]
[Result "0-1"]
[WhiteElo "1878"]
[BlackElo "2358"]
[PlyCount "92"]
[EventDate "2018.10.12"]
[EventType "team-swiss"]
[EventRounds "7"]
[EventCountry "GRE"]
[SourceTitle "CBM 187"]
[Source "ChessBase"]
[SourceDate "2018.12.11"]
[SourceVersion "1"]
[SourceVersionDate "2018.12.11"]
[SourceQuality "1"]
[WhiteTeam "Ballinasloe"]
[BlackTeam "Wirtzfeld"]
[WhiteTeamCountry "IRL"]
[BlackTeamCountry "BEL"]

1. e4 d5 2. exd5 Nf6 3. d4 Bg4 4. Nf3 Qxd5 5. Be2 Nc6 6. 0-0 0-0-0 7. Be3 e5 8. c4 Qd7 9. d5 e4 10. dxc6 Qxd1 11. cxb7+ Kxb7 12. Rxd1 Rxd1+ 13. Bxd1 exf3 14. Bxf3+ Bxf3 15. gxf3 Nd7 16. Nd2 Bb4 17. b3 Ne5 18. Kg2 Rd8 19. Ne4 f5 20. Ng5 h6 21. Ne6 Rd6 22. Nf4 c6 23. a3 Bc3 24. Rc1 Ba5 25. b4 Bc7 26. c5 Rd7 27. Rc2 g5 28. Ne2 Ng6 29. Kh3 Nh4 30. f4 Nf3 31. Kg3 g4 32. Rc1 h5 33. a4 h4+ 34. Kg2 h3+ 35. Kh1 Rd3 36. b5 Ba5 37. Ng3 Nh4 38. Ne2 Nf3 39. Ng3 Rd5 40. Ne2 Bb4 41. Ng3 Ba3 42. Rb1 Bxc5 43. bxc6+ Kc7 44. Rc1 Bxe3 45. fxe3 Rd2 46. Nf1 Rg2 0-1

[Event "GBR-ch Atkins op 104th"]
[Site "Llandudno"]
[Date "2017.07.30"]
[Round "4"]
[White "Dunne, Thomas Jr"]
[Black "Bansal, Rohan"]
[Result "0-1"]
[WhiteElo "1924"]
[BlackElo "1956"]
[PlyCount "85"]
[EventDate "2017.07.28"]
[EventType "swiss"]
[EventRounds "5"]
[EventCountry "WLS"]
[SourceTitle "EXT 2019"]
[Source "ChessBase"]
[SourceDate "2018.10.10"]
[SourceVersion "1"]
[SourceVersionDate "2018.10.10"]
[SourceQuality "1"]

1. e4 e6 2. d4 d5 3. Nc3 Nf6 4. e5 Nfd7 5. f4 c5 6. Nf3 Nc6 7. Be3 cxd4 8. Nxd4 Bc5 9. Be2 0-0 10. 0-0 Qb6 11. Na4 Bxd4 12. Nxb6 Bxe3+ 13. Kh1 Nxb6 14. c3 d4 15. Bd3 Nd5 16. Qh5 g6 17. Qh6 Nxe5 18. Bb1 Nc4 19. Qh4 Nd2 20. Re1 Nxb1 21. Rexb1 e5 22. cxd4 Bf5 23. fxe5 Bxb1 24. Rxb1 Rad8 25. Rd1 Rfe8 26. g3 h5 27. Qe4 Re6 28. Rd3 Rb6 29. b3 Bh6 30. g4 Rc6 31. Rf3 hxg4 32. Rf1 Kg7 33. h3 g3 34. Kg1 Be3+ 35. Kg2 Bf2 36. Rxf2 gxf2 37. Kxf2 Ra6 38. a4 Rb6 39. Qh4 Rd7 40. Qg4 Rc7 41. Qe4 Rxb3 42. h4 Rbc3 43. h5 0-1